000 00694nam a2200253Ia 4500
003 OSt
005 20220926011952.0
006 a|||||r|||| 00| 0
007 ta
008 220923b |||||||| |||| 00| 0 eng d
020 _a0404614426
037 _cGeneral Book
040 _aRTL
_cRTL
_beng
041 _2eng
_aeng
082 _aY:5.5.J, M7
100 _aRussell Josiah C Ed.
_9315333
245 0 _aMedieval demographic
260 _aNew York
_bAMS Press
_c1987
300 _ax,325p
_ccm.
490 _aAMS Studies in the Middle Ages. 12
650 _aDemographic
_9309196
942 _hY:5.5.J, M7
_cGB
_2CC
999 _c621414
_d621414